A first course in abstract algebra (Record no. 197)

MARC details
000 -LEADER
fixed length control field 00471 a2200193 4500
001 - CONTROL NUMBER
control field 065982
003 - CONTROL NUMBER IDENTIFIER
control field OSt
005 - DATE AND TIME OF LATEST TRANSACTION
control field 20251210155425.0
008 - FIXED-LENGTH DATA ELEMENTS--GENERAL INFORMATION
fixed length control field
082 ## - DEWEY DECIMAL CLASSIFICATION NUMBER
Classification number 512.02
Item number F84F
100 1# - MAIN ENTRY--PERSONAL NAME
Personal name Fraleigh, John B.
245 1# - TITLE STATEMENT
Title A first course in abstract algebra
Statement of responsibility, etc By John B. Fraleigh
250 ## - EDITION STATEMENT
Edition statement 3rd ed.
260 ## - PUBLICATION, DISTRIBUTION, ETC. (IMPRINT)
Place of publication, distribution, etc New Delhi
Name of publisher, distributor, etc Narosa
Date of publication, distribution, etc 2003
300 ## - PHYSICAL DESCRIPTION
Extent 478p.
500 ## - GENERAL NOTE
General note English
690 ## - LOCAL SUBJECT ADDED ENTRY--TOPICAL TERM (OCLC, RLIN)
Topical term or geographic name as entry element Algebra, Abstract
942 ## - ADDED ENTRY ELEMENTS (KOHA)
Source of classification or shelving scheme Dewey Decimal Classification
Koha item type Books
Holdings
Withdrawn status Lost status Source of classification or shelving scheme Damaged status Not for loan Collection code Home library Current library Department Date acquired Source of acquisition Coded location qualifier Cost, normal purchase price Inventory number(Invoice/Date) Full call number Barcode Checked out Date last seen Price effective from Koha item type Public note Total Checkouts Date checked out
    Dewey Decimal Classification     General Text Book Central University Of Rajasthan Central University Of Rajasthan Mathematics 07/03/2012 MTH Book Fair 210.00 00094/03-02-2010 512.02 F84F 268 24/09/2014 02/09/2020 02/09/2020 Books Narosa, New Delhi    
    Dewey Decimal Classification     General Text Book Central University Of Rajasthan Central University Of Rajasthan Mathematics 07/03/2012 MTH Book Fair 210.00 00094/03-02-2010 512.02 F84F 269   19/03/2026 02/09/2020 Books Narosa, New Delhi 9 18/03/2026